LEADER 01051nam0-22003371i-450- 001 990000478000403321 005 20090330141536.0 010 $a0-471-09434-X 035 $a000047800 035 $aFED01000047800 035 $a(Aleph)000047800FED01 035 $a000047800 100 $a20020821d1981----km-y0itay50------ba 101 0 $aeng 105 $aa-------001yy 200 1 $aSurvival analysis$fRupert G. Miller, jr.,$gNotes by Gail Gong ; problem solutions by Alvaro Munoz 210 $aNew York$cWiley & sons$dİ1981 215 $a238 p.$cill.$d23 cm 225 1 $aWiley series in probability and mathematical statistics$iApplied probability and statistics 610 0 $aAnalisi di sopravvivenza (Biometria) 676 $a519.2 700 1$aMiller,$bRupert G. JR.$012503 702 1$aGong,$bGail 702 1$aMunoz,$bAlvaro 801 0$aIT$bUNINA$gRICA$2UNIMARC 901 $aBK 912 $a990000478000403321 952 $a10 B II 473$b1280 DEE$fDINEL 959 $aDINEL 996 $aSurvival analysis$9198621 997 $aUNINA LEADER 04695nam 2200505 450 001 9910480625103321 005 20180214082610.0 035 $a(CKB)4100000001501582 035 $a(MiAaPQ)EBC5219558 035 $a(DLC) 2017059312 035 $a(EXLCZ)994100000001501582 100 $a20180210h20182018 uy 0 101 0 $aeng 135 $aurcnu|||||||| 181 $2rdacontent 182 $2rdamedia 183 $2rdacarrier 200 00$aInnovation and Expansion in Translation Process Research /$fedited by Isabel Lacruz, Riitta Ja?a?skela?inen 210 1$aAmsterdam, [Netherlands] ;$aPhiladelphia, [Pennsylvania] :$cJohn Benjamins Publishing Company,$d2018. 210 4$dİ2018 215 $a1 online resource (303 pages) $cillustrations, tables 225 1 $aAmerican Translators Association Scholarly Monograph Series,$x0890-4111 ;$vVolume 18 311 $a90-272-3195-8 311 $a90-272-6475-9 320 $aIncludes bibliographical references at the end of each chapters and index. 327 $aTranslation, cognition, affect, and beyond: reflections on an expanding field of research / Riitta Ja?a?skela?inen and Isabel Lacruz -- Reconceptualizing problems in translation using triangulated process and product data / Erik Angelone -- Are expertise and translation competence the same? psychological reality and the theoretical status of competence / Gregory M. Shreve, Erik Angelone and Isabel Lacruz -- Genre familiarity and translation processing: differences and similarities between literary and lsp translators / Kristian Tangsgaard Hvelplund and Barbara Dragsted -- Do translation professionals need to tolerate ambiguity to be successful? a study of the links between tolerance of ambiguity, emotional intelligence and job satisfaction / Si?verine Hubscher-Davidson -- The role of expertise in emotion regulation: exploring the effect of expertise on translation performance under emotional stir / Ana Rojo and Marina Ramos -- Self-confidence and its role in translator training: the students' perspective -- Maria del Mar Haro-Soler -- The history and promise of machine translation / Lane Schwartz -- Human use of machine translation to extract information from texts / Erica B. Michael, Petra Bradley, Alan Mishler, Lelyn D. Saner, Brook Hefright, Ann Zeng and Joseph H. Danks -- An experimental investigation of stages of processing in post-editing / Isabel Lacruz -- How editors read: an eye-tracking study of the effects of professional : editorial experience and task instruction on reading behaviour / Melanie Ann Law and Haidee Kruger -- Multimodal measurement of cognitive load during subtitle processing: same-language subtitles for foreign language viewers / Jan-Louis Kruger, Stephen Doherty, Wendy Fox and Peter de Lissa. 330 $a"Cognitive research in translation and interpreting has reached a critical threshold of maturity that is triggering rapid expansion along exciting new paths that potentially lead to deeper connections with other disciplines. Innovation and Expansion in Translation Process Research reflects this broadening scope and reach, emphasizing ongoing methodological innovations, diversification of research topics and questions, and rich interactions with adjacent fields of research. The contributions to the volume can be grouped within four loosely defined themes: advances in traditional topics in translation process research, including problems in translation, translation competence or expertise, and specialization of translators; advances in research into the emotional or affective aspects of translating and translator training; innovations in machine translation and post-editing; expansion of cognitively-oriented translation studies to include editing processes and reception studies. This timely volume highlights the burgeoning growth, diversification, and connectivity of translation process research"--$cProvided by publisher. 410 0$aAmerican Translators Association scholarly monograph series ;$vVolume 18. 606 $aTranslating and interpreting$xMethodology 606 $aTranslating and interpreting$xResearch 606 $aTranslators$xTraining of 608 $aElectronic books. 615 0$aTranslating and interpreting$xMethodology. 615 0$aTranslating and interpreting$xResearch. 615 0$aTranslators$xTraining of. 676 $a418/.02072 702 $aLacruz$b Isabel 702 $aJa?a?skela?inen$b Riitta 801 0$bMiAaPQ 801 1$bMiAaPQ 801 2$bMiAaPQ 906 $aBOOK 912 $a9910480625103321 996 $aInnovation and Expansion in Translation Process Research$91938699 997 $aUNINA LEADER 00966nam a2200277 i 4500 001 991002878559707536 005 20021022143653.0 008 960610s1990 it ||| | ita 020 $a8815027211 035 $ab1172223x-39ule_inst 035 $aLE021FD222059$9ExL 040 $aDip. SSSC$bita 100 1 $aCasini-Ropa, Eugenia$0158628 245 10$aAlle origini della danza moderna /$ca cura di Eugenia Casini Ropa 260 $c1990 300 $a335 p., 16 c. di tav. ;$c22 cm. 490 0 $aProblemi e prospettive : serie di musica e spettacolo 650 4$aDanza 650 4$aDanza moderna$ySec.XIX-XX$xStoria 650 4$aTeorie sul teatro 907 $a.b1172223x$b27-04-17$c24-10-02 912 $a991002878559707536 945 $aLE021 CG21bisA3$g1$lle023$o-$pE0.00$q-$rn$so $t0$u0$v0$w0$x0$y.i1196229x$z24-10-02 996 $aAlle origini della danza moderna$9903772 997 $aUNISALENTO 998 $ale021$b10-06-96$cm$da $e-$fita$git $h0$i1